Normal view MARC view

Entry Personal Name

Number of records used in: 1

001 - CONTROL NUMBER

  • control field: 293240

003 - CONTROL NUMBER IDENTIFIER

  • control field: MY-SjTCS

005 - DATE AND TIME OF LATEST TRANSACTION

  • control field: 20200306170907.0

008 - FIXED-LENGTH DATA ELEMENTS

  • fixed length control field: 200306|| aca||aabn | a|a d

040 ## - CATALOGING SOURCE

  • Original cataloging agency: MY-SjTCS
  • Transcribing agency: MY-SjTCS

100 ## - HEADING--PERSONAL NAME

  • Personal name: Ogle, Alfred.

670 ## - SOURCE DATA FOUND

  • Source citation: Work cat.: (MY-SjTCS)65921: Advances in culture, tourism and hospitality research Volume 3, Perspectives on cross-cultural, ethnographic, brand image, storytelling, unconscious needs, and hospitality guest research /, 2009.